| 000 | 00375nam a2200157Ia 4500 | ||
|---|---|---|---|
| 008 | 210719s1969 xx 000 0 und d | ||
| 041 | _aeng | ||
| 082 | _a551.5 THOW | ||
| 100 | _aTHOMPSON (Philip D) & others | ||
| 245 | _aWeather. | ||
| 260 |
_aNederland _bTime Life International _c1969 |
||
| 300 |
_a199 _bPB |
||
| 365 | _cRs | ||
| 650 | _aWeather | ||
| 906 | _aWeather | ||
| 999 |
_c212580 _d212580 |
||